2019 F1 Drivers - Statistics

General Stats
  • This quiz has been taken 357 times
  • The average score is 18 of 20
Answer Stats
Team Driver % Correct
Mercedes Lewis Hamilton
99%
Ferrari Charles Leclerc
97%
Red Bull Racing Max Verstappen
97%
Ferrari Sebastian Vettel
97%
Mercedes Valtteri Bottas
96%
McLaren Lando Norris
93%
Red Bull Racing Pierre Gasly
93%
Racing Point Sergio Perez
93%
Toro Rosso Alexander Albon
92%
Renault Daniel Ricciardo
92%
McLaren Carlos Sainz
90%
Racing Point Lance Stroll
90%
Haas Kevin Magnussen
88%
Haas Romain Grosjean
88%
Williams George Russell
86%
Renault Nico Hulkenberg
86%
Alfa Romeo Kimi Raikkonen
84%
Toro Rosso Daniil Kvyat
80%
Williams Robert Kubica
76%
Alfa Romeo Antonio Giovinazzi
74%
No matching quizzes found
Score Distribution
Percent of People with Each Score
Percentile by Number Answered
Your Score History
You have not taken this quiz